ბათუმის შოთა რუსთაველის სახელმწიფო უნივერსიტეტის ბიბლიოთეკა

მცენარეთა ანატომია პრაქტიკული კურსი (ბიბ.ჩანაწერი № 44483)

000 -LEADER
fixed length control field 00895nam a2200217Ia 4500
001 - CONTROL NUMBER
control field 11281
003 - CONTROL NUMBER IDENTIFIER
control field GE_BSU
008 - FIXED-LENGTH DATA ELEMENTS--GENERAL INFORMATION
fixed length control field 181216s||||||||xx |||||||||||||| ||und||
040 ## - CATALOGING SOURCE
Transcribing agency GE_BSU
080 ## - UNIVERSAL DECIMAL CLASSIFICATION NUMBER
Universal Decimal Classification number 581.8(076.5)
100 ## - MAIN ENTRY--PERSONAL NAME
Personal name ცხაკაია ქ. მირიანაშვილი ე.
245 ## - TITLE STATEMENT
Title მცენარეთა ანატომია პრაქტიკული კურსი
245 ## - TITLE STATEMENT
Statement of responsibility, etc. რედ: ქ. ცხაკაია მხატვრ. ნ. კანდელაკი
260 ## - PUBLICATION, DISTRIBUTION, ETC.
Place of publication, distribution, etc. თბილისი.
260 ## - PUBLICATION, DISTRIBUTION, ETC.
Name of publisher, distributor, etc. თბილისის სახ. უნ–ტის გამ–ბა.
260 ## - PUBLICATION, DISTRIBUTION, ETC.
Date of publication, distribution, etc. 1957
300 ## - PHYSICAL DESCRIPTION
Extent 481გვ.23სმ.
300 ## - PHYSICAL DESCRIPTION
Accompanying material ილ. საძიებელი გვ. 465-474
653 ## - INDEX TERM--UNCONTROLLED
Uncontrolled term მცენარეთა ანატომია პრაქტიკული კურსი
942 ## - ADDED ENTRY ELEMENTS (KOHA)
Koha item type წიგნი
ეგზემპლარები
Withdrawn status Lost status Damaged status Not for loan Date acquired Barcode Date last seen Price effective from Koha item type
        2018-12-17 19488 2018-12-17 2018-12-17 წიგნი
        2018-12-17 19483 2018-12-17 2018-12-17 წიგნი
        2018-12-17 19484 2018-12-17 2018-12-17 წიგნი
        2018-12-17 19485 2018-12-17 2018-12-17 წიგნი
        2018-12-17 19486 2018-12-17 2018-12-17 წიგნი
        2018-12-17 19487 2018-12-17 2018-12-17 წიგნი